| 000 | 00470nam a2200157 a 4500 | ||
|---|---|---|---|
| 001 | 4167 | ||
| 003 | CDMR | ||
| 005 | 20130301112909.0 | ||
| 008 | 130130s2006||||||||||||||||||||||||||||d | ||
| 020 | _a8488675941 | ||
| 040 |
_aCDMR _bcat _cCDMR |
||
| 111 | 2 |
_93023 _aConcurso Fotográfico "Caminos de Hierro" _d2006 _n20è |
|
| 245 | 1 | 0 |
_aCaminos de Hierro _b20º Concurso fotográfico 2006 |
| 260 |
_aMadrid _c2006 _bFundación de los Ferrocarriles Españoles |
||
| 942 |
_cMON _2udc |
||
| 999 |
_c4167 _d4167 |
||